书目信息 |
| 题名: |
乐论杂俎
|
|
| 作者: | 乔建中 著 | |
| 分册: | ||
| 出版信息: | 上海 上海音乐出版社 2020.8 |
|
| 页数: | 475页 | |
| 开本: | 24cm | |
| 丛书名: | ||
| 单 册: | ||
| 中图分类: | J605.2 | |
| 科图分类: | ||
| 主题词: | 音乐--中国--文集 | |
| 电子资源: | ||
| ISBN: | 978-7-5523-1975-0 | |
| 000 | 00797nam0 2200241 45 | |
| 001 | 012001001434 | |
| 005 | 20130912113051.0 | |
| 010 | @a978-7-5523-1975-0@dCNY98.00 | |
| 100 | @a20201022d2020 em y0chiy0110 ea | |
| 101 | 0 | @achi |
| 102 | @aCN@b310000 | |
| 105 | @aabg z 000yy | |
| 106 | @ar | |
| 200 | 1 | @a乐论杂俎@Ayue lun za zu@f乔建中著 |
| 210 | @a上海@c上海音乐出版社@d2020.8 | |
| 215 | @a475页@c照片,书影,地图@d24cm | |
| 300 | @a西安音乐学院建校70周年系列成果·文集篇 | |
| 330 | @a本书收入了作者近年有关于当代音乐家创作、舞台表演、学术著述的评论文,分民歌研究、学术史、教学教材、人物、书序、活动6大类。 | |
| 606 | 0 | @a音乐@y中国@j文集 |
| 690 | @aJ605.2@v5 | |
| 701 | 0 | @a乔建中@Aqiao jian zhong@f(1941-)@4著 |
| 801 | @aCN@b江苏凤凰@c20211018 | |
| 905 | @b1343486-9@dJ605.2@e1338@f4 | |
| 乐论杂俎/乔建中著.-上海:上海音乐出版社,2020.8 |
| 475页:照片,书影,地图;24cm |
| 西安音乐学院建校70周年系列成果·文集篇 |
| ISBN 978-7-5523-1975-0:CNY98.00 |
| 本书收入了作者近年有关于当代音乐家创作、舞台表演、学术著述的评论文,分民歌研究、学术史、教学教材、人物、书序、活动6大类。 |
| ● |
| 相关链接 |
|
|
|
|
正题名:乐论杂俎
索取号:J605.2/1338
 
预约/预借
| 序号 | 登录号 | 条形码 | 馆藏地/架位号 | 状态 | 备注 |
| 1 | 1343486 | 213434862 | 第一样本阅览室/ [索取号:J605.2/1338] | 在馆 | |
| 2 | 1343487 | 213434871 | 第一借阅区/ [索取号:J605.2/1338] | 在馆 | |
| 3 | 1343488 | 213434880 | 第一借阅区/ [索取号:J605.2/1338] | 在馆 | |
| 4 | 1343489 | 213434899 | 第一借阅区/ [索取号:J605.2/1338] | 在馆 |